Mahtematical analysis I

Αποθηκεύτηκε σε:
Λεπτομέρειες βιβλιογραφικής εγγραφής
Κύριος συγγραφέας: Canuto, Claudio
Άλλοι συγγραφείς: Tabacco, Anita
Μορφή: Βιβλίο
Γλώσσα:English
Δημοσίευση: New York : Springer, c2008
Σειρά:Universitext
Θέματα:
Ετικέτες: Προσθήκη ετικέτας
Δεν υπάρχουν, Καταχωρήστε ετικέτα πρώτοι!

MARC

LEADER 00000nam a2200000 i 4500
001 1/12802
008 110405s2008 eng d
020 |a 978-88-470-0875-5 
035 |l 10109930 
040 |a GR-MY-UA  |b gre  |e aacr 
041 0 |a eng 
082 0 |a 515  |2 (22) 
100 1 |a Canuto, Claudio. 
245 1 0 |a Mahtematical analysis I /  |c Claudio Canuto, Anita Tabacco 
260 |a New York :   |b Springer,   |c c2008 
300 |a xii, 433 σ.;  |b εικ., πίν. σχέδια;  |c 24 εκ. 
490 1 |a Universitext 
504 |a Περιέχει ευρετήριο 
650 0 0 |a Mathematical analysis. 
700 1 |a Tabacco, Anita. 
830 0 |a Universitext 
852 |a INST  |b CHIOS  |e 20110405  |h 515 CAN  |p 005200031264  |q 005200031264  |t BK  |y 0 
852 |a INST  |b SAMOS  |e 20131211  |h 515 CAN  |p 005300036190  |q 005300036190  |t BK  |y 0 
901 |a BIBL3-2013-3 
901 |a BIBL2-2011-1 
909 |a Σ  |b 184344 
909 |a Χ  |b 166825 
922 |a 3ΕΛΗ  |b 201311  |c ΤΜΗΜΑ ΜΑΘΗΜΑΤΙΚΩΝ/ΜΕΤΑΠΤΥΧΙΑΚΟ  |d ΔΙΑΔΡΟΜΕΣ/ΔΡΕΣ 
922 |a 2ΕΛΗ  |b 201011  |c ΤΑΚ/ΤΔΕ  |d ΜΙΧΑΛΟΠΟΥΛΟΣ 
970 |a ΣΠΕΝΤΖΑ  |b ΕΛΕΝΗ  |z 2011/04/05